La libertad de prensa es porción indivisible de la libertad humana : (Record no. 70350)
[ view plain ]
| 000 -LEADER | |
|---|---|
| fixed length control field | 00608cam a2200157 4500 |
| 008 - FIXED-LENGTH DATA ELEMENTS--GENERAL INFORMATION | |
| fixed length control field | 091126n mx 000 0 spa u |
| 050 04 - LIBRARY OF CONGRESS CALL NUMBER | |
| Classification number | PN4748 .M6 |
| Item number | A44 1951 |
| 100 1# - MAIN ENTRY--PERSONAL NAME | |
| Personal name | Miguel Alemán Valdés |
| Dates associated with a name | 1903-1983. |
| 245 13 - TITLE STATEMENT | |
| Title | La libertad de prensa es porción indivisible de la libertad humana : |
| Remainder of title | Discursos pronunciados en el acto de homenaje de la prensa nacional al presidente de México. / |
| Statement of responsibility, etc | Miguel Alemán Valdés. |
| 260 ## - PUBLICATION, DISTRIBUTION, ETC. (IMPRINT) | |
| Place of publication, distribution, etc | México, D.F. : |
| Date of publication, distribution, etc | 1951 |
| 300 ## - PHYSICAL DESCRIPTION | |
| Extent | 47 p. ; |
| Dimensions | 24 cm. |
| 500 ## - GENERAL NOTE | |
| General note | 1 ejemplar |
| 650 #7 - SUBJECT ADDED ENTRY--TOPICAL TERM | |
| Topical term or geographic name as entry element | Libertad de Prensa |
| Geographic subdivision | México |
| Source of heading or term | Lemb |
| 942 ## - ADDED ENTRY ELEMENTS (KOHA) | |
| Source of classification or shelving scheme | Biblioteca del Cogreso de los Estados Unidos |
| Koha item type | Libro |
| Estado de pérdida | Fuente de clasificación | Estado del daño | No para préstamo | Ubicación permanente | Ubicación actual | Apartado o colección | Fecha de adquisición | Área del conocimiento | Clasificación | Código de Barras | Date last seen | Número de copia | Tipo de recurso |
|---|---|---|---|---|---|---|---|---|---|---|---|---|---|
| Biblioteca del Cogreso de los Estados Unidos | Biblioteca del Instituto de Investigaciones Históricas | Biblioteca del Instituto de Investigaciones Históricas | General | 27/11/2018 | Educación y Humanidades | PN4748.M6 A44 1951 | IIH000004429 | 27/11/2018 | C:1 | Libro | |||
| Biblioteca del Cogreso de los Estados Unidos | Biblioteca del Instituto de Investigaciones Históricas | Biblioteca del Instituto de Investigaciones Históricas | General | 27/11/2018 | Educación y Humanidades | PN4748.M6 A44 1951 | IIH000004428 | 27/11/2018 | C:2 | Libro |